000 01773nam a2200313Ia 4500
999 _c55172
_d55172
001 22247
003 GE_BSU
005 20230213115810.0
008 181216s2011||||ge |||||||||||||| ||geo||
020 _a9789941132223
040 _cGE_BSU
041 _ageo
080 _a811.353.1'367.625 ქ-88
100 _aქურდაძე, რამაზ
_916887
245 _aთანამედროვე ქართული ენის სოციალურ -კულტურული ასპექტები :
_cრამაზ ქურდაძე ; რედაქტორი მზექალა შანიძე.
264 _aთბილისი :
_bუნივერსიტეტის გამომცემლობა,
_c2011.
300 _a148 გვ. ;
_c28 სმ.
500 _aპარალელური სათაური ინგლისურ ენაზე
541 _h13 ლ.
653 _aთანამედროვე ქართული ენის სოციალურ-კულტურული ასპექტები
653 _aქართული ენა
653 _a სამეტყველო ენა
653 _a ქართული სალიტერატურო ენა
653 _a ქართული ლიტერატურის კრიტიკა
653 _a სოციოლინგვისტიკა
700 _a შანიძე, მზექალა
_eრედაქტორი
_916888
710 _aივანე ჯავახიშვილის სახელობის თბილისის სახელმწიფო უნივერსიტეტი
_916889
942 _cBK
_2udc